Public aspects of financing process of healthcare in the Slovak Republic

Zdravie ako jeden z najvýznamnejších ukazovateľov kvality života človeka. Štátna zdravotná politika. Starostlivosť o zdravie a financovanie služieb zdravotnej starostlivosti. Verejné výdavky na zdravotnú starostlivosť.

Salvato in:
Dettagli Bibliografici
Autore principale: Beňová, Elena
Altri autori: Drábeková, Mária
Natura: Capitolo di libro
Lingua:inglese
Soggetti:
Tags: Aggiungi Tag
Nessun Tag, puoi essere il primo ad aggiungerne!!

MARC

LEADER 00000naa$a2200000$$$4500
001 0085123
005 20240502083226.5
041 0 |a eng 
044 |a PL 
245 1 0 |a Public aspects of financing process of healthcare in the Slovak Republic  |c Elena Beňová, Mária Drábeková 
520 |a Zdravie ako jeden z najvýznamnejších ukazovateľov kvality života človeka. Štátna zdravotná politika. Starostlivosť o zdravie a financovanie služieb zdravotnej starostlivosti. Verejné výdavky na zdravotnú starostlivosť. 
610 2 0 |a zdravie 
610 2 0 |a starostlivosť zdravotná 
610 2 0 |a financovanie 
610 2 0 |a štát 
610 2 0 |a poistenie zdravotné 
610 2 0 |a výdavky verejné 
610 2 0 |a Slovensko 
100 1 |a Beňová, Elena 
700 1 |a Drábeková, Mária